[Event "European Blitz 2017"]
[Site "Katowice POL"]
[Date "2017.12.15"]
[Round "3.11"]
[White "Buhmann, Rainer"]
[Black "Lehtioksa, Jorma"]
[Result "1-0"]
[WhiteTitle "GM"]
[WhiteElo "2584"]
[BlackElo "2173"]
[WhiteFideId "4651340"]
[BlackFideId "502200"]
[EventDate "2017.12.15"]
[EventType "blitz"]

1. Nf3 c5 2. e4 d6 3. d4 cxd4 4. Nxd4 Nf6 5. Nc3 a6 6. Be3 Ng4 7. Bg5 h6 8. Bc1
Nc6 9. Be2 Nge5 10. Nb3 g5 11. Be3 Bg7 12. Nd5 Nd7 13. Nd4 e6 14. Nc3 Nde5 15.
O-O O-O 16. Qd2 Qe7 17. Rad1 Rd8 18. Kh1 d5 19. exd5 exd5 20. Rfe1 Be6 21. f3
Rac8 22. Bf1 Qf8 23. Qf2 Nc4 24. Bxc4 Nxd4 25. Bxd4 Rxc4 26. Rd2 Bxd4 27. Rxd4
Qc5 28. Red1 Rc8 29. h4 b5 30. a3 a5 31. hxg5 hxg5 32. Qe3 b4 33. axb4 axb4 34.
Qxg5+ Kf8 35. Qh6+ Ke7 36. Ne2 Rxc2 37. Nf4 Rc1 38. Nxe6 fxe6 39. Kh2 Qd6+ 40.
Kh3 Rxd1 41. Rxd1 Rc4 42. Qg7+ Kd8 43. Ra1 Rc8 44. Ra7 1-0

[Event "European Blitz 2017"]
[Site "Katowice POL"]
[Date "2017.12.15"]
[Round "3.12"]
[White "Varvadoukas, Theodoros"]
[Black "Georgiev, Kiril"]
[Result "0-1"]
[BlackTitle "GM"]
[WhiteElo "2178"]
[BlackElo "2623"]
[WhiteFideId "4210735"]
[BlackFideId "2900017"]
[EventDate "2017.12.15"]
[EventType "blitz"]

1. e4 c5 2. Nf3 d6 3. Bc4 Nf6 4. d3 Nc6 5. O-O g6 6. Re1 Bg7 7. c3 O-O 8. Bb3
Bg4 9. h3 Bxf3 10. Qxf3 b5 11. Nd2 Rb8 12. Nf1 b4 13. Bd2 e6 14. Rad1 Nd7 15.
Ne3 Qc7 16. Ng4 bxc3 17. bxc3 Nce5 18. Nxe5 Nxe5 19. Qe2 Rfc8 20. d4 Nc6 21.
dxc5 dxc5 22. Rb1 Rd8 23. Rec1 Be5 24. Be3 Bh2+ 25. Kf1 Bf4 26. Qf3 Bxe3 27.
Qxe3 Qh2 28. Qxc5 Ne5 29. Ke2 Nd3 30. Qe3 Nf4+ 31. Kf3 Nxg2 32. Qh6 Rd3+ 33. Kg4
f5+ 34. exf5 gxf5+ 35. Kg5 Qf4+ 0-1

[Event "European Blitz 2017"]
[Site "Katowice POL"]
[Date "2017.12.15"]
[Round "3.13"]
[White "Fridman, Daniel"]
[Black "Terbe, Julianna"]
[Result "1-0"]
[WhiteTitle "GM"]
[BlackTitle "WIM"]
[WhiteElo "2633"]
[BlackElo "2259"]
[WhiteFideId "11600454"]
[BlackFideId "708780"]
[EventDate "2017.12.15"]
[EventType "blitz"]

1. Nf3 d5 2. c4 c6 3. g3 Nf6 4. Bg2 Bf5 5. cxd5 cxd5 6. Qb3 Nc6 7. Qxb7 Bd7 8.
Qb3 Rb8 9. Qd1 e5 10. d3 Bb4+ 11. Nfd2 h5 12. a3 Bd6 13. Nc3 d4 14. Nce4 Nxe4
15. Nxe4 Be7 16. h4 O-O 17. O-O a5 18. Rb1 Qb6 19. Bd2 Rfc8 20. Ng5 Qb5 21. f4
f6 22. a4 Qc5 23. b4 axb4 24. Qb3+ Kh8 25. Rbc1 Qa7 26. Qf7 Be8 27. Qe6 Na5 28.
Bd5 Bg6 29. Nf7+ Kh7 30. f5 Bxf7 31. Qxf7 Bc5 32. Qxh5# 1-0

[Event "European Blitz 2017"]
[Site "Katowice POL"]
[Date "2017.12.15"]
[Round "3.15"]
[White "Saric, Ante"]
[Black "Homatidis, Panagiotis"]
[Result "1-0"]
[WhiteTitle "GM"]
[WhiteElo "2540"]
[BlackElo "2104"]
[WhiteFideId "14506254"]
[BlackFideId "4211731"]
[EventDate "2017.12.15"]
[EventType "blitz"]

1. Nf3 e6 2. c4 Nf6 3. g3 d6 4. d4 Be7 5. Bg2 O-O 6. Nc3 Nbd7 7. O-O h6 8. e4 e5
9. h3 a6 10. Be3 Rb8 11. Rc1 exd4 12. Nxd4 Ne5 13. b3 Bd7 14. Nd5 Nxd5 15. cxd5
c5 16. dxc6 Nxc6 17. Qd2 Nxd4 18. Bxd4 Qe8 19. Qb2 f6 20. Rfe1 Rc8 21. Rcd1 Qg6
22. Bc3 Kh8 23. Bb4 Qh5 24. g4 Qg5 25. Bxd6 Bxd6 26. Rxd6 Bc6 27. Qd2 Qe5 28. f4
Qc5+ 29. Kh2 Bb5 30. a4 Bc6 31. Re3 Rfe8 32. Qd4 Qc1 33. Qc3 Qa3 34. Qd2 Qa1 35.
Rd4 Qa3 36. Rc4 b5 37. axb5 axb5 38. Rd4 Qa1 39. Re1 Qa7 40. Rd6 Qc7 41. Rc1 Qb7
42. Qd4 Rf8 43. Re1 Qe7 44. f5 Bb7 45. Rd7 Qa3 46. Rxb7 Qxb3 47. e5 Rc4 48. Qe3
Qc2 49. Re2 Qb1 50. exf6 Rxf6 51. Qe8+ Kh7 52. Qe7 Rf7 53. Qxf7 1-0

[Event "European Blitz 2017"]
[Site "Katowice POL"]
[Date "2017.12.15"]
[Round "3.16"]
[White "Pavlidou, Ekaterini"]
[Black "Rodshtein, Maxim"]
[Result "0-1"]
[WhiteTitle "WIM"]
[BlackTitle "GM"]
[WhiteElo "2196"]
[BlackElo "2699"]
[WhiteFideId "4213262"]
[BlackFideId "2806851"]
[EventDate "2017.12.15"]
[EventType "blitz"]

1. Nf3 d5 2. g3 c6 3. Bg2 Bf5 4. c4 dxc4 5. O-O e6 6. Nc3 Nd7 7. e4 Bg4 8. h3
Bxf3 9. Qxf3 Ngf6 10. b3 Ne5 11. Qd1 Bc5 12. bxc4 O-O 13. Na4 Bd4 14. Bb2 Nxc4
15. Qc2 b5 16. Nc3 a5 17. a3 Rb8 18. Nd1 e5 19. d3 Nxb2 20. Nxb2 a4 21. Ra2 Qd6
22. Nd1 Nd7 23. Ne3 g6 24. Rc1 Nc5 25. Bf1 Rfd8 26. Ng2 Nb3 27. Rd1 Bc5 28. Ne1
Bxa3 29. d4 Nxd4 30. Qd3 Bc5 31. Rad2 Bb4 32. Ra2 Bxe1 33. Rxe1 c5 0-1

[Event "European Blitz 2017"]
[Site "Katowice POL"]
[Date "2017.12.15"]
[Round "3.18"]
[White "Przybylski, Bartosz"]
[Black "Fressinet, Laurent"]
[Result "0-1"]
[BlackTitle "GM"]
[WhiteElo "2085"]
[BlackElo "2662"]
[WhiteFideId "1126652"]
[BlackFideId "608742"]
[EventDate "2017.12.15"]
[EventType "blitz"]

1. e4 e5 2. Nf3 Nc6 3. Bc4 Bc5 4. c3 Nf6 5. d4 exd4 6. cxd4 Bb4+ 7. Nc3 Nxe4 8.
O-O Bxc3 9. d5 Na5 10. Qe2 O-O 11. Qxe4 Re8 12. Qd3 Bf6 13. d6 Nxc4 14. Qxc4
cxd6 15. Qd5 Qb6 16. Bf4 Qc6 17. Rad1 b6 18. b3 Ba6 19. Rfe1 Be2 20. Qxc6 dxc6
21. Rxd6 c5 22. Rd7 h6 23. h3 Re6 24. Be3 Bb5 25. Rd5 Bc6 26. Rdd1 Rae8 27. Rc1
Bxf3 28. gxf3 Bd4 29. Bd2 Re2 30. Be3 Rxa2 31. Bxd4 Rxe1+ 32. Rxe1 cxd4 33. Rd1
Rb2 34. Rd3 Kf8 35. Kg2 Ke7 36. f4 Ke6 37. Rxd4 Rxb3 38. Rd8 a5 39. Ra8 Kd5 40.
Ra7 f6 41. f5 Ke5 42. Rxg7 a4 43. Ra7 b5 44. h4 Kxf5 45. f3 a3 46. Ra5 Kg6 47.
Kg3 b4 48. h5+ Kf7 49. Kf4 Rb2 50. Kf5 a2 51. Ra7+ Ke8 52. Ke6 Re2+ 53. Kxf6 b3
54. f4 Re1 0-1

[Event "European Blitz 2017"]
[Site "Katowice POL"]
[Date "2017.12.15"]
[Round "3.19"]
[White "Ponkratov, Pavel"]
[Black "Koziol, Kamil"]
[Result "1-0"]
[WhiteTitle "GM"]
[BlackTitle "FM"]
[WhiteElo "2613"]
[BlackElo "2305"]
[WhiteFideId "4157800"]
[BlackFideId "1161555"]
[EventDate "2017.12.15"]
[EventType "blitz"]

1. b3 d5 2. Bb2 Nf6 3. Nf3 e6 4. c4 Be7 5. Qc2 O-O 6. g3 c5 7. e3 Nc6 8. cxd5
exd5 9. a3 b6 10. Bg2 Ba6 11. d3 Rc8 12. O-O c4 13. dxc4 dxc4 14. b4 b5 15. Nc3
Qb6 16. Ng5 g6 17. h4 Ne5 18. Nd5 Nxd5 19. Bxd5 Nd3 20. Bd4 Qd6 21. Be4 Bf6 22.
Bxd3 Bxd4 23. Bxg6 fxg6 24. Rad1 Bb7 25. Rxd4 Qc6 26. e4 Rce8 27. f3 Qc8 28. Kg2
h6 29. Nh3 Qe6 30. Nf4 Qe5 31. Qd2 Qf6 32. Rd6 Qe5 33. Rxg6+ Kh7 34. Rxh6+ Kxh6
35. Nd3+ Kg7 36. Nxe5 Rxe5 37. Qd4 Kf6 1-0

[Event "European Blitz 2017"]
[Site "Katowice POL"]
[Date "2017.12.15"]
[Round "3.21"]
[White "Bartel, Mateusz"]
[Black "Krejca, Jakub"]
[Result "1-0"]
[WhiteTitle "GM"]
[WhiteElo "2609"]
[BlackElo "2104"]
[WhiteFideId "1112635"]
[BlackFideId "365777"]
[EventDate "2017.12.15"]
[EventType "blitz"]

1. e4 e6 2. d4 d5 3. Nc3 Bb4 4. e5 c5 5. Bd2 cxd4 6. Nb5 Bf8 7. Nxd4 Nc6 8. Ngf3
Nge7 9. c3 Bd7 10. Bd3 Nxd4 11. cxd4 Qb6 12. a4 a5 13. O-O Nc6 14. Bc3 Nb4 15.
Bb1 Be7 16. h4 h6 17. Qd2 Nc6 18. Qf4 Rc8 19. h5 Nd8 20. Qg4 Kf8 21. Nh4 Bxh4
22. Qxh4 Nc6 23. Ra3 Ne7 24. Qf4 Nf5 25. Qd2 Ra8 26. b4 axb4 27. Bxb4+ Kg8 28.
Bc5 Qc6 29. a5 Rc8 30. g4 Nh4 31. Rh3 g5 32. hxg6 Nxg6 33. Rxh6 Kg7 34. Rxh8
Rxh8 35. Qg5 Qb5 36. Qf6+ Kg8 37. Bxg6 Rh1+ 38. Kxh1 Qxf1+ 39. Kh2 fxg6 40.
Qxg6+ Kh8 41. Qf6+ Kg8 42. Qd8+ Kh7 43. Qxd7+ Kh8 44. Qe8+ Kh7 45. Qf7+ Kh8 46.
Qf3 1-0

[Event "European Blitz 2017"]
[Site "Katowice POL"]
[Date "2017.12.15"]
[Round "3.22"]
[White "Pakosta, Miroslav"]
[Black "Moranda, Wojciech"]
[Result "0-1"]
[BlackTitle "GM"]
[WhiteElo "2158"]
[BlackElo "2593"]
[WhiteFideId "306576"]
[BlackFideId "1122401"]
[EventDate "2017.12.15"]
[EventType "blitz"]

1. e4 c5 2. c3 d5 3. exd5 Qxd5 4. d4 Nf6 5. Nf3 e6 6. Bd3 Be7 7. O-O O-O 8. Be3
cxd4 9. Nxd4 b6 10. Qf3 Qxf3 11. Nxf3 Bb7 12. Nbd2 Nbd7 13. Rad1 Nd5 14. Rfe1
Nxe3 15. Rxe3 Rfd8 16. Be4 Nc5 17. Bxb7 Nxb7 18. Rde1 Nc5 19. Nb3 Na4 20. R3e2
Rac8 21. Kf1 a6 22. Rb1 b5 23. Rd2 Bf6 24. Rxd8+ Rxd8 25. Ke2 Bxc3 26. Nbd2 Bxb2
27. Ke3 Nc3 28. Rf1 Nxa2 29. Ne4 Nc3 30. Nfd2 Nxe4 31. Nxe4 f5 32. Ng5 h6 33.
Nf3 e5 34. Rb1 Bc3 35. Ke2 e4 36. Nh4 Rd5 37. Rd1 Rxd1 38. Kxd1 f4 39. Ng6 f3
40. gxf3 exf3 41. Nh4 Kf7 42. Nxf3 Ke6 43. Kc2 Bf6 44. Kd3 Kd5 45. Ne1 a5 46.
Nc2 b4 47. Ne3+ Kc5 48. Kc2 a4 49. f3 b3+ 50. Kb1 a3 51. Nd1 a2+ 0-1

[Event "European Blitz 2017"]
[Site "Katowice POL"]
[Date "2017.12.15"]
[Round "3.24"]
[White "Smieszek, Wojciech"]
[Black "Demidov, Mikhail"]
[Result "1/2-1/2"]
[BlackTitle "IM"]
[WhiteElo "2185"]
[BlackElo "2523"]
[WhiteFideId "1156047"]
[BlackFideId "4197143"]
[EventDate "2017.12.15"]
[EventType "swiss"]

1. e4 e6 2. d4 d5 3. Nc3 Be7 4. e5 c5 5. Nf3 cxd4 6. Nxd4 Nc6 7. Nxc6 bxc6 8.
Bd3 Qc7 9. Qe2 a6 10. O-O c5 11. Qg4 g6 12. Bf4 h5 13. Qg3 Bb7 14. Bxg6 fxg6 15.
Qxg6+ Kd7 16. Qg7 Nh6 17. Bxh6 Rag8 18. Qf7 Qxe5 19. Bf4 Qf6 20. Qxf6 Bxf6 21.
Rfe1 Rg4 22. g3 Rhg8 23. Kf1 a5 24. f3 Ba6+ 25. Kf2 Rxf4 26. gxf4 Bd4+ 27. Re3
Bxe3+ 28. Kxe3 d4+ 29. Ke4 dxc3 30. bxc3 Rg2 31. h4 Re2# 1/2-1/2

[Event "European Blitz 2017"]
[Site "Katowice POL"]
[Date "2017.12.15"]
[Round "3.25"]
[White "Hracek, Zbynek"]
[Black "Karlik, Ondrej"]
[Result "1-0"]
[WhiteTitle "GM"]
[WhiteElo "2592"]
[BlackElo "2171"]
[WhiteFideId "300071"]
[BlackFideId "339296"]
[EventDate "2017.12.15"]
[EventType "blitz"]

1. c4 e6 2. Nc3 Nf6 3. d4 d5 4. cxd5 exd5 5. Bg5 Be7 6. e3 c6 7. Bd3 h6 8. Bh4
Nbd7 9. Nge2 Nf8 10. Qc2 Ne6 11. O-O O-O 12. Rad1 Re8 13. f3 b5 14. Kh1 a5 15.
Bf2 Bb7 16. Bg1 a4 17. e4 Qa5 18. e5 Nd7 19. f4 b4 20. Nb1 c5 21. f5 Nxd4 22.
Nxd4 cxd4 23. Bxd4 Rac8 24. Qf2 Bc5 25. e6 Bxd4 26. Qxd4 Nf6 27. Nd2 Qc5 28. Nf3
fxe6 29. fxe6 Rxe6 30. Bf5 Qxd4 31. Bxe6+ Kh7 32. Nxd4 Rc4 33. Rf2 Bc8 34. Bxc8
Rxc8 35. Rc2 Re8 36. Kg1 Ng4 37. h3 Nf6 38. Re2 Rc8 39. Rdd2 Ne4 40. Rc2 Rf8 41.
Rc7 Rf6 42. Rb7 a3 43. Rxb4 axb2 44. Rexb2 Ra6 45. a4 Ra8 46. Ra2 Rc8 47. a5 h5
48. a6 h4 49. Ra1 Ra8 50. a7 Ng3 51. Rb8 Rxa7 52. Rxa7 Kg6 53. Rbb7 Kh6 54. Rxg7
Ne4 55. Nf5+ 1-0

[Event "European Blitz 2017"]
[Site "Katowice POL"]
[Date "2017.12.15"]
[Round "3.26"]
[White "Nun, Grzegorz"]
[Black "Alekseev, Evgeny"]
[Result "0-1"]
[BlackTitle "GM"]
[WhiteElo "1868"]
[BlackElo "2616"]
[WhiteFideId "1124218"]
[BlackFideId "4138147"]
[EventDate "2017.12.15"]
[EventType "blitz"]

1. e4 c5 2. Nf3 Nc6 3. Bb5 g6 4. Bxc6 dxc6 5. O-O Bg7 6. d3 b6 7. h3 Nh6 8. Nc3
O-O 9. Be3 f6 10. Qd2 Nf7 11. Rad1 e5 12. Nh2 Be6 13. b3 Qd7 14. Ne2 Qe7 15. f4
exf4 16. Nxf4 Bd7 17. Nf3 Rfe8 18. Rde1 Rad8 19. Qc1 Bc8 20. Bd2 Qc7 21. Ne2 b5
22. Bf4 Qe7 23. a4 bxa4 24. bxa4 c4 25. dxc4 Qc5+ 26. Kh1 Rxe4 27. Ng3 Rxe1 28.
Rxe1 Qxc4 29. Bc7 Rf8 30. Re4 Qd5 31. Rd4 Qe6 32. Qd1 f5 33. Rd2 Re8 34. Re2 Qd7
35. Qxd7 Bxd7 36. Rxe8+ Bxe8 37. a5 Bd7 38. Ne2 c5 39. Nf4 a6 40. Nd5 Be6 41.
Nb6 Bc3 42. Na4 Bb4 43. Ne5 Nxe5 44. Bxe5 Bxa5 45. Nxc5 Bc8 46. c4 Kf7 47. Nb3
Bb4 48. Bc7 Ke6 49. Nd4+ Kd7 50. Be5 a5 51. Kg1 a4 52. Kf1 Ba6 53. Kf2 Bxc4 0-1

[Event "European Blitz 2017"]
[Site "Katowice POL"]
[Date "2017.12.15"]
[Round "3.27"]
[White "Zwardon, Vojtech"]
[Black "Szmyd, Arkadiusz"]
[Result "1-0"]
[WhiteTitle "IM"]
[WhiteElo "2408"]
[BlackElo "2101"]
[WhiteFideId "325511"]
[BlackFideId "1124730"]
[EventDate "2017.12.15"]
[EventType "blitz"]

1. c4 Nf6 2. g3 c5 3. Bg2 Nc6 4. Nc3 g6 5. d3 Bg7 6. Bg5 O-O 7. Qd2 Re8 8. Bh6
Bh8 9. h4 a6 10. h5 Rb8 11. hxg6 fxg6 12. Nf3 b5 13. Bf4 e5 14. Bg5 Qa5 15. cxb5
axb5 16. Bxf6 Bxf6 17. Qh6 Re7 18. Kf1 Rg7 19. Ne4 Qd8 20. Nfg5 Bxg5 21. Nxg5
Qe7 22. Bd5+ Kh8 23. Rc1 c4 24. Be4 Kg8 25. Nxh7 1-0

[Event "European Blitz 2017"]
[Site "Katowice POL"]
[Date "2017.12.15"]
[Round "3.29"]
[White "Jaracz, Barbara"]
[Black "Bosiocic, Marin"]
[Result "0-1"]
[WhiteTitle "WGM"]
[BlackTitle "GM"]
[WhiteElo "2245"]
[BlackElo "2624"]
[WhiteFideId "1107453"]
[BlackFideId "14507927"]
[EventDate "2017.12.15"]
[EventType "blitz"]

1. e4 c5 2. Nf3 e6 3. d4 cxd4 4. Nxd4 Nc6 5. Nxc6 bxc6 6. Bd3 d5 7. O-O Bd6 8.
Qe2 Ne7 9. c4 Qc7 10. h3 O-O 11. Nd2 Ng6 12. Nf3 dxe4 13. Bxe4 f5 14. Bc2 e5 15.
c5 Be7 16. b4 e4 17. Nd4 a5 18. Qc4+ Kh8 19. Bb2 axb4 20. Qxb4 Rb8 21. Qc3 Bf6
22. Bb3 Nf4 23. Qe3 Nd3 24. Bc3 Nxc5 25. Bc4 f4 26. Qe2 f3 27. Qe3 Na4 28. Rac1
Nxc3 29. Rxc3 Rd8 0-1

[Event "European Blitz 2017"]
[Site "Katowice POL"]
[Date "2017.12.15"]
[Round "3.31"]
[White "Szyszylo, Rafal"]
[Black "Klekowski, Maciej"]
[Result "1-0"]
[BlackTitle "IM"]
[WhiteElo "2236"]
[BlackElo "2498"]
[WhiteFideId "1109626"]
[BlackFideId "1132717"]
[EventDate "2017.12.15"]
[EventType "blitz"]

1. e4 c5 2. Nf3 Nc6 3. d4 cxd4 4. Nxd4 e6 5. Nc3 a6 6. Be3 Nf6 7. Qf3 Qc7 8.
O-O-O Ne5 9. Qg3 h5 10. f4 h4 11. Qh3 Neg4 12. Be2 Nxe3 13. Qxe3 Bb4 14. e5 Ng8
15. Ne4 Ne7 16. Nd6+ Bxd6 17. exd6 Qxd6 18. Nb5 Qc6 19. Nd6+ Kf8 20. Bf3 Qa4 21.
Kb1 Qa5 22. g4 Rb8 23. Rhe1 Qc7 24. f5 Nd5 25. Qa3 Ne7 26. g5 b5 27. f6 Nc6 28.
Nxb5+ Kg8 29. Nxc7 d5 30. Qd6 Bb7 31. Nxe6 fxe6 32. Qxe6+ Kh7 33. Qf7 Rhg8 34.
Bxd5 Rbd8 35. Be4+ Kh8 36. Qh5# 1-0

[Event "European Blitz 2017"]
[Site "Katowice POL"]
[Date "2017.12.15"]
[Round "3.32"]
[White "Kovalev, Denis"]
[Black "Samborski, Henryk"]
[Result "1-0"]
[WhiteTitle "IM"]
[WhiteElo "2504"]
[BlackElo "2078"]
[WhiteFideId "14104059"]
[BlackFideId "1103849"]
[EventDate "2017.12.15"]
[EventType "blitz"]

1. Nf3 c5 2. g3 Nf6 3. Bg2 g6 4. O-O Bg7 5. c4 Nc6 6. Nc3 O-O 7. d4 cxd4 8. Nxd4
Nxd4 9. Qxd4 d6 10. Qd3 Qc7 11. Bg5 Be6 12. b3 h6 13. Be3 a6 14. Rac1 Rac8 15.
Rfd1 Bf5 16. Qd2 Rfd8 17. Bxh6 Rd7 18. Bxg7 Kxg7 19. Qd4 Kg8 20. h3 Qa5 21. e4
Be6 22. f4 b5 23. cxb5 Rdc7 24. b6 Rxc3 25. Rxc3 Rxc3 26. b7 Nd7 27. e5 Qc5 28.
exd6 exd6 29. Qxc5 Rxc5 30. Rxd6 Rb5 31. Bc6 Rb6 32. Bxd7 Rxb7 33. Bxe6 fxe6 34.
Rxe6 Kf7 35. Rxa6 1-0

[Event "European Blitz 2017"]
[Site "Katowice POL"]
[Date "2017.12.15"]
[Round "3.33"]
[White "Kelmendi, Arsim"]
[Black "Mohr, Georg"]
[Result "0-1"]
[BlackTitle "GM"]
[WhiteElo "2097"]
[BlackElo "2473"]
[WhiteFideId "22100261"]
[BlackFideId "14600013"]
[EventDate "2017.12.15"]
[EventType "blitz"]

1. e4 Nc6 2. Nf3 d6 3. d4 Nf6 4. Nc3 Bg4 5. Be3 e6 6. h3 Bh5 7. Be2 Be7 8. O-O
O-O 9. Re1 Bg6 10. Bd3 Nb4 11. a3 Nxd3 12. cxd3 d5 13. Ne5 c6 14. Nxg6 hxg6 15.
Bg5 Nxe4 16. Bxe7 Nxc3 17. Bxd8 Nxd1 18. Bg5 Nxb2 19. Reb1 Na4 20. Rxb7 f6 21.
Bf4 Rf7 22. Rab1 Nb6 23. Rxf7 Kxf7 24. Bc7 Rc8 25. Bxb6 Rb8 26. Rc1 Rxb6 27. Rc3
Ke7 28. Kh2 Kd6 29. Kg3 Rb5 30. h4 a5 31. Kg4 a4 32. f3 Rb3 33. Rc5 Rxd3 34. Ra5
Rxa3 35. Ra7 Ra1 36. Rxg7 a3 37. Ra7 a2 38. h5 gxh5+ 39. Kxh5 Rh1+ 40. Kg4 0-1

[Event "European Blitz 2017"]
[Site "Katowice POL"]
[Date "2017.12.15"]
[Round "3.34"]
[White "Trent, Lawrence"]
[Black "Cech, Dominik"]
[Result "1-0"]
[WhiteTitle "IM"]
[WhiteElo "2436"]
[BlackElo "2156"]
[WhiteFideId "408638"]
[BlackFideId "14908212"]
[EventDate "2017.12.15"]
[EventType "blitz"]

1. e4 e5 2. Nf3 Nc6 3. Bb5 a6 4. Ba4 Nf6 5. O-O Be7 6. Re1 b5 7. Bb3 d6 8. c3
Na5 9. Bc2 c5 10. d3 O-O 11. Nbd2 Qc7 12. Nf1 Re8 13. h3 Bd7 14. Bg5 h6 15. Bxf6
Bxf6 16. Ne3 Be6 17. Nh2 g6 18. Nd5 Bxd5 19. exd5 c4 20. Nf3 Nb7 21. d4 exd4 22.
Rxe8+ Rxe8 23. Nxd4 Qc5 24. Nf3 b4 25. Ba4 Re7 26. Qd2 bxc3 27. bxc3 Bg7 28. Rb1
Qa5 29. Bc6 Nc5 30. Nd4 Na4 31. Bxa4 Qxa4 32. Rb4 Qa3 33. Rxc4 Rb7 34. g3 Rb2
35. Qf4 Rxa2 36. Rc8+ Kh7 37. Qxf7 Qc1+ 38. Kg2 h5 39. Ne6 Rxf2+ 40. Qxf2 1-0

[Event "European Blitz 2017"]
[Site "Katowice POL"]
[Date "2017.12.15"]
[Round "3.35"]
[White "Eigminas, Kipras"]
[Black "Castellanos Rodriguez, Renier"]
[Result "0-1"]
[BlackTitle "IM"]
[WhiteElo "1958"]
[BlackElo "2501"]
[WhiteFideId "12808423"]
[BlackFideId "3404650"]
[EventDate "2017.12.15"]
[EventType "blitz"]

1. e4 c5 2. Nf3 e6 3. d4 cxd4 4. Nxd4 a6 5. Nc3 Qc7 6. Qd3 b5 7. Qg3 d6 8. f4
Nd7 9. Be3 Ngf6 10. a3 Bb7 11. Bd3 h5 12. O-O Nc5 13. e5 h4 14. Qg5 Rh5 15. exf6
Rxg5 16. fxg5 gxf6 17. gxf6 h3 18. gxh3 Rc8 19. Rad1 Nxd3 20. Rxd3 Ba8 21. Nf3
Qb7 22. Bf4 a5 23. Kf2 b4 24. axb4 axb4 25. Ne2 Rxc2 26. Rfd1 Rxb2 27. Bxd6 Bxd6
28. Rxd6 Qxf3+ 0-1

[Event "European Blitz 2017"]
[Site "Katowice POL"]
[Date "2017.12.15"]
[Round "3.36"]
[White "Aleksandrov, Aleksej"]
[Black "Bossy, Arnim"]
[Result "1/2-1/2"]
[WhiteTitle "GM"]
[WhiteElo "2589"]
[BlackElo "2181"]
[WhiteFideId "13500139"]
[BlackFideId "4669100"]
[EventDate "2017.12.15"]
[EventType "blitz"]

1. d4 f5 2. c4 Nf6 3. Nf3 g6 4. g3 Bg7 5. b4 O-O 6. Bb2 c6 7. Bg2 d6 8. O-O Kh8
9. Nc3 Be6 10. d5 cxd5 11. cxd5 Bg8 12. Nd4 Nbd7 13. Ne6 Bxe6 14. dxe6 Ne5 15.
Qb3 Rb8 16. a4 Qc7 17. Rac1 Qc4 18. Qxc4 Nxc4 19. Ba1 Rfc8 20. Rfd1 a6 21. a5 b5
22. axb6 Rxb6 23. Nd5 Nxd5 24. Bxg7+ Kxg7 25. Bxd5 Rxb4 26. Ra1 a5 27. Kg2 Kf6
28. e3 Rb2 29. Kg1 Nb6 30. Rxa5 Nxd5 31. Raxd5 Kxe6 32. R5d4 Rcc2 33. Rf1 h5 34.
h4 Kf6 1/2-1/2

[Event "European Blitz 2017"]
[Site "Katowice POL"]
[Date "2017.12.15"]
[Round "3.37"]
[White "Roenko, Artur"]
[Black "Moskalenko, Alexander"]
[Result "0-1"]
[BlackTitle "IM"]
[WhiteElo "2167"]
[BlackElo "2522"]
[WhiteFideId "14136732"]
[BlackFideId "4155351"]
[EventDate "2017.12.15"]
[EventType "blitz"]

1. d4 Nf6 2. c4 c5 3. d5 b5 4. cxb5 a6 5. b6 d6 6. Nc3 Nbd7 7. e4 g6 8. Nf3 Bg7
9. Be2 O-O 10. O-O Qxb6 11. Nd2 Ne8 12. Nc4 Qc7 13. f4 Nb6 14. Kh1 Nxc4 15. Bxc4
Rb8 16. Qe2 Qa5 17. f5 Nf6 18. fxg6 hxg6 19. e5 dxe5 20. Qxe5 Bf5 21. Rxf5 gxf5
22. Qxf5 Qb4 23. Bd3 Qg4 24. Qe5 c4 25. Bc2 Nd7 26. Qe4 Qxe4 27. Nxe4 Bxb2 28.
Bxb2 Rxb2 29. Ba4 Ne5 30. Rc1 Rxa2 31. Bd1 Rb8 32. Nc5 Rbb2 0-1

[Event "European Blitz 2017"]
[Site "Katowice POL"]
[Date "2017.12.15"]
[Round "3.38"]
[White "Kovalev, Vladislav"]
[Black "Haase, Pavel"]
[Result "1-0"]
[WhiteTitle "GM"]
[WhiteElo "2639"]
[BlackElo "2195"]
[WhiteFideId "13504398"]
[BlackFideId "360392"]
[EventDate "2017.12.15"]
[EventType "blitz"]

1. d4 Nf6 2. Bf4 g6 3. Nc3 Bg7 4. e4 d6 5. Qd2 O-O 6. O-O-O Nfd7 7. Bh6 c5 8.
Bxg7 Kxg7 9. dxc5 Nxc5 10. e5 Be6 11. exd6 Qxd6 12. Qxd6 exd6 13. Rxd6 Nc6 14.
Nf3 Rad8 15. Rxd8 Rxd8 16. Be2 f6 17. Rd1 Re8 18. Nd4 Nxd4 19. Rxd4 Bf5 20. Kd2
Kf8 21. Bc4 Be4 22. b4 1-0

[Event "European Blitz 2017"]
[Site "Katowice POL"]
[Date "2017.12.15"]
[Round "3.39"]
[White "Blaho, Stefan"]
[Black "Tari, Aryan"]
[Result "0-1"]
[BlackTitle "GM"]
[WhiteElo "2029"]
[BlackElo "2593"]
[WhiteFideId "14901250"]
[BlackFideId "1510045"]
[EventDate "2017.12.15"]
[EventType "blitz"]

1. d4 d5 2. Nf3 e6 3. Bf4 Nf6 4. e3 Bd6 5. Bg3 c5 6. c3 Nc6 7. Nbd2 O-O 8. Bd3
b6 9. Ne5 Bb7 10. h4 Qc7 11. f4 Ne7 12. h5 Nf5 13. Bf2 Be7 14. g4 Nd6 15. Qf3
Nfe4 16. Bxe4 Nxe4 17. g5 f6 18. gxf6 Bxf6 19. O-O-O cxd4 20. exd4 Nxf2 21. Qxf2
Bxe5 22. dxe5 Qxe5 23. Rh4 Rac8 24. Kb1 Qf5+ 25. Ka1 e5 26. Rf1 d4 27. c4 b5 28.
b3 bxc4 29. Nxc4 Rc5 30. Kb2 Ba6 31. Rg1 Bxc4 32. Ka1 Qd3 0-1

[Event "European Blitz 2017"]
[Site "Katowice POL"]
[Date "2017.12.15"]
[Round "3.40"]
[White "Mikhalchishin, Adrian"]
[Black "Olsen, Filip Boe"]
[Result "0-1"]
[WhiteTitle "GM"]
[BlackTitle "FM"]
[WhiteElo "2479"]
[BlackElo "2294"]
[WhiteFideId "14602385"]
[BlackFideId "1440640"]
[EventDate "2017.12.15"]
[EventType "blitz"]

1. d4 d5 2. c4 c6 3. Nf3 Nf6 4. e3 Bf5 5. Nc3 a6 6. Bd3 Bg6 7. O-O e6 8. Ne5
Nbd7 9. f4 Bb4 10. Nxg6 hxg6 11. Bd2 Bd6 12. Qf3 Qe7 13. g3 dxc4 14. Bxc4 Nb6
15. Bb3 c5 16. dxc5 Bxc5 17. Rad1 O-O 18. Kg2 Rad8 19. e4 Rd7 20. e5 Nfd5 21.
Ne4 Bd4 22. Bc1 Nc7 23. Nd6 Nb5 24. a4 Nxd6 25. Rxd4 Nf5 26. Rxd7 Qxd7 27. Rd1
Qc7 28. a5 Nc4 29. Qc3 Nce3+ 30. Bxe3 Qxc3 0-1